[Event "OEISM 0818 BLMM"]
[Site "austriablmm"]
[Date "2020.12.12"]
[Round "6"]
[White "EdiRaber"]
[Black "Ppe1968"]
[Result "0-1"]
[WhiteElo "1741"]
[BlackElo "1922"]
[Annotator "NA"]
[PlyCount "114"]
[EventDate "2020.12.12"]
[EventType "blitz"]
[TimeControl "600+3"]

1. e4 {[%emt 0:00:03]} e5 {[%emt 0:00:11]} 2. Nf3 {[%emt 0:00:02]} Nc6 {[%emt 0:00:11]} 3. Bc4 {[%emt 0:00:04]} Bc5 {[%emt 0:00:04]} 4. O-O {[%emt 0:00:03]} d6 {[%emt 0:00:01]} 5. Nc3 {[%emt 0:00:13]} Nf6 {[%emt 0:00:02]} 6. d3 {[%emt 0:00:02]} h6 {[%emt 0:00:04]} 7. Be3 {[%emt 0:00:13]} Bg4 {[%emt 0:00:08]} 8. Bxc5 {[%emt 0:00:03]} dxc5 {[%emt 0:00:02]} 9. Bb5 {[%emt 0:00:05]} Qd6 {[%emt 0:00:33]} 10. Bxc6+ {[%emt 0:00:04]} Qxc6 {[%emt 0:00:02]} 11. h3 {[%emt 0:00:02]} Bxf3 {[%emt 0:00:21]} 12. Qxf3 {[%emt 0:00:03]} O-O {[%emt 0:00:36]} 13. Rad1 {[%emt 0:00:40]} Rad8 {[%emt 0:00:07]} 14. Qf5 {[%emt 0:00:16]} Rfe8 {[%emt 0:00:03]} 15. Rfe1 {[%emt 0:00:07]} g6 {[%emt 0:00:41]} 16. Qf3 {[%emt 0:00:10]} Kg7 {[%emt 0:00:01]} 17. Ne2 {[%emt 0:00:12]} c4 {[%emt 0:01:18]} 18. dxc4 {[%emt 0:00:03]} Qxc4 {[%emt 0:00:19]} 19. Nc3 {[%emt 0:00:03]} Qb4 {[%emt 0:00:21]} 20. b3 {[%emt 0:00:21]} Rd4 {[%emt 0:00:11]} 21. Rxd4 {[%emt 0:00:14]} exd4 {[%emt 0:00:25]} 22. Rd1 {[%emt 0:00:11]} Qxc3 {[%emt 0:00:09]} 23. Rd3 {[%emt 0:00:03]} Qe1+ {[%emt 0:00:03]} 24. Kh2 {[%emt 0:00:02]} Qxe4 {[%emt 0:00:02]} 25. Qg3 {[%emt 0:00:06]} Qe5 {[%emt 0:00:05]} 26. Qxe5 {[%emt 0:00:08]} Rxe5 {[%emt 0:00:00]} 27. Rxd4 {[%emt 0:00:01]} Re2 {[%emt 0:00:04]} 28. Rc4 {[%emt 0:00:01]} c6 {[%emt 0:00:04]} 29. Rb4 {[%emt 0:00:02]} Rxc2 {[%emt 0:00:07]} 30. Rxb7 {[%emt 0:00:02]} Rxa2 {[%emt 0:00:01]} 31. Rc7 {[%emt 0:00:01]} Rb2 {[%emt 0:00:22]} 32. Rxa7 {[%emt 0:00:05]} Rxb3 {[%emt 0:00:01]} 33. Rc7 {[%emt 0:00:01]} Rc3 {[%emt 0:00:01]} 34. f3 {[%emt 0:00:09]} c5 {[%emt 0:00:02]} 35. Kg3 {[%emt 0:00:01]} c4 {[%emt 0:00:03]} 36. Kf2 {[%emt 0:00:01]} Rc2+ {[%emt 0:00:01]} 37. Kf1 {[%emt 0:00:02]} c3 {[%emt 0:00:02]} 38. g4 {[%emt 0:00:02]} Rc1+ {[%emt 0:00:12]} 39. Ke2 {[%emt 0:00:04]} Nd5 {[%emt 0:00:00]} 40. Rc5 {[%emt 0:00:03]} Nf4+ {[%emt 0:00:04]} 41. Ke3 {[%emt 0:00:04]} Nxh3 {[%emt 0:00:03]} 42. Kd4 {[%emt 0:00:05]} Ng1 {[%emt 0:00:06]} 43. f4 {[%emt 0:00:04]} Nf3+ {[%emt 0:00:03]} 44. Kd3 {[%emt 0:00:04]} c2 {[%emt 0:00:12]} 45. Rxc2 {[%emt 0:00:08]} Ne1+ {[%emt 0:00:04]} 46. Kd2 {[%emt 0:00:03]} Rxc2+ {[%emt 0:00:01]} 47. Kxe1 {[%emt 0:00:01]} Kf6 {[%emt 0:00:01]} 48. g5+ {[%emt 0:00:05]} hxg5 {[%emt 0:00:01]} 49. fxg5+ {[%emt 0:00:01]} Ke5 {[%emt 0:00:01]} 50. Kd1 {[%emt 0:00:03]} Rh2 {[%emt 0:00:00]} 51. Ke1 {[%emt 0:00:01]} Ke4 {[%emt 0:00:00]} 52. Kf1 {[%emt 0:00:33]} Ke3 {[%emt 0:00:00]} 53. Kg1 {[%emt 0:00:02]} Ra2 {[%emt 0:00:05]} 54. Kf1 {[%emt 0:00:01]} Rb2 {[%emt 0:00:01]} 55. Kg1 {[%emt 0:00:03]} Kf3 {[%emt 0:00:01]} 56. Kh1 {[%emt 0:00:01]} Kg3 {[%emt 0:00:01]} 57. Kg1 {[%emt 0:00:00]} Rb1# {[%emt 0:00:00] Mate} 0-1

[Event "OEISM 0818 BLMM"]
[Site "austriablmm"]
[Date "2020.12.12"]
[Round "6"]
[White "Magdalena_m"]
[Black "UrosN"]
[Result "1-0"]
[WhiteElo "1739"]
[BlackElo "1866"]
[Annotator "NA RC"]
[PlyCount "127"]
[EventDate "2020.12.12"]
[EventType "blitz"]

1. e4 {[%emt 0:00:02]} e5 {[%emt 0:00:01]} 2. Nf3 {[%emt 0:00:02]} Nc6 {[%emt 0:00:01]} 3. Bc4 {[%emt 0:00:02]} Bc5 {[%emt 0:00:02]} 4. c3 {[%emt 0:00:02]} Nf6 {[%emt 0:00:01]} 5. d3 {[%emt 0:00:02]} O-O {[%emt 0:00:01]} 6. Nbd2 {[%emt 0:00:03]} d6 {[%emt 0:00:02]} 7. Bb3 {[%emt 0:00:02]} Bb6 {[%emt 0:00:01]} 8. h3 {[%emt 0:00:02]} Be6 {[%emt 0:00:03]} 9. O-O {[%emt 0:00:03]} Ne7 {[%emt 0:00:02]} 10. Re1 {[%emt 0:00:22]} Ng6 {[%emt 0:00:02]} 11. Nf1 {[%emt 0:00:04]} Bxb3 {[%emt 0:00:24]} 12. axb3 {[%emt 0:00:06]} Nh5 {[%emt 0:00:01]} 13. Be3 {[%emt 0:00:49]} Ngf4 {[%emt 0:00:30]} 14. Qd2 {[%emt 0:00:31]} Qf6 {[%emt 0:00:09]} 15. N1h2 {[%emt 0:00:24]} Qg6 {[%emt 0:00:39]} 16. Ng4 {[%emt 0:00:58]} f5 {[%emt 0:00:31]} 17. exf5 {[%emt 0:00:05]} Qxf5 {[%emt 0:00:19]} 18. Bxb6 {[%emt 0:00:49]} Qxd3 {[%emt 0:00:00]} 19. Be3 {[%emt 0:00:25]} Qf5 {[%emt 0:00:08]} 20. Bxf4 {[%emt 0:00:09]} Nxf4 {[%emt 0:00:02]} 21. Nfh2 {[%emt 0:00:18]} h5 {[%emt 0:00:32]} 22. Ne3 {[%emt 0:00:08]} Qg5 {[%emt 0:00:11]} 23. Kh1 {[%emt 0:00:38]} Qg6 {[%emt 0:00:21]} 24. Rg1 {[%emt 0:00:17]} Nd3 {[%emt 0:00:10]} 25. Raf1 {[%emt 0:00:19]} Rf7 {[%emt 0:00:22]} 26. Nf3 {[%emt 0:00:10]} Raf8 {[%emt 0:00:00]} 27. Nd1 {[%emt 0:00:34]} Qe4 {[%emt 0:00:51]} 28. Qe3 {[%emt 0:00:08]} Qd5 {[%emt 0:00:19]} 29. c4 {[%emt 0:00:04]} Qe6 {[%emt 0:00:51]} 30. Ng5 {[%emt 0:00:12]} Qg6 {[%emt 0:00:59]} 31. Nxf7 {[%emt 0:00:07]} Rxf7 {[%emt 0:00:00]} 32. Nc3 {[%emt 0:00:20]} c6 {[%emt 0:00:26]} 33. Ne4 {[%emt 0:00:04]} Nf4 {[%emt 0:00:13]} 34. Ng3 {[%emt 0:00:11]} h4 {[%emt 0:00:11]} 35. Ne2 {[%emt 0:00:17]} Nd3 {[%emt 0:00:18]} 36. Nc3 {[%emt 0:00:18]} Rf4 {[%emt 0:00:26]} 37. f3 {[%emt 0:00:20]} Nc5 {[%emt 0:01:35]} 38. Ne4 {[%emt 0:00:12]} Ne6 {[%emt 0:00:53]} 39. Nxd6 {[%emt 0:00:21]} Qf6 {[%emt 0:00:14]} 40. Ne4 {[%emt 0:00:07]} Qf8 {[%emt 0:00:04]} 41. Rd1 {[%emt 0:00:05]} Nd4 {[%emt 0:00:01]} 42. Nd2 {[%emt 0:00:33]} Qf6 {[%emt 0:00:08]} 43. Ne4 {[%emt 0:00:04]} Qe7 {[%emt 0:00:03]} 44. Rxd4 {[%emt 0:00:04]} exd4 {[%emt 0:00:01]} 45. Qxf4 {[%emt 0:00:01]} d3 {[%emt 0:00:03]} 46. Re1 {[%emt 0:00:03]} Qb4 {[%emt 0:00:02]} 47. Qd2 {[%emt 0:00:05]} Qxb3 {[%emt 0:00:02]} 48. Re3 {[%emt 0:00:04]} Qxc4 {[%emt 0:00:02]} 49. Rxd3 {[%emt 0:00:04]} Qa6 {[%emt 0:00:03]} 50. Rd8+ {[%emt 0:00:02]} Kh7 {[%emt 0:00:05]} 51. Ng5+ {[%emt 0:00:01]} Kg6 {[%emt 0:00:01]} 52. Qd3+ {[%emt 0:00:05]} Kxg5 {[%emt 0:00:08]} 53. Qxa6 {[%emt 0:00:02]} bxa6 {[%emt 0:00:00]} 54. Rd7 {[%emt 0:00:01]} Kf4 {[%emt 0:00:01]} 55. Rxa7 {[%emt 0:00:01]} Ke3 {[%emt 0:00:00]} 56. Rxa6 {[%emt 0:00:01]} Kd2 {[%emt 0:00:00]} 57. Rxc6 {[%emt 0:00:01]} Kd3 {[%emt 0:00:01]} 58. Rg6 {[%emt 0:00:01]} Kd4 {[%emt 0:00:00]} 59. Rxg7 {[%emt 0:00:01]} Kc4 {[%emt 0:00:00]} 60. Rg4+ {[%emt 0:00:01]} Kb3 {[%emt 0:00:00]} 61. Rxh4 {[%emt 0:00:01]} Kxb2 {[%emt 0:00:00]} 62. Re4 {[%emt 0:00:01]} Kc3 {[%emt 0:00:00]} 63. h4 {[%emt 0:00:01]} Kd3 {[%emt 0:00:00]} 64. h5 {[%emt 0:00:01] UrosN resigns (Lag: Av=0.77s, max=1.4s)} 1-0

[Event "OEISM 0818 BLMM"]
[Site "austriablmm"]
[Date "2020.12.12"]
[Round "6"]
[White "Matschi2006"]
[Black "Konstantin Peyrer"]
[Result "0-1"]
[WhiteElo "1724"]
[BlackElo "2214"]
[Annotator "NA"]
[PlyCount "66"]
[EventDate "2020.12.12"]
[EventType "blitz"]

1. Nf3 {[%emt 0:00:05]} Nf6 {[%emt 0:00:01]} 2. d4 {[%emt 0:00:08]} e6 {[%emt 0:00:01]} 3. c4 {[%emt 0:00:06]} b5 {[%emt 0:00:11]} 4. cxb5 {[%emt 0:00:24]} a6 {[%emt 0:00:02]} 5. e3 {[%emt 0:00:24]} axb5 {[%emt 0:00:15]} 6. Bxb5 {[%emt 0:00:03]} c5 {[%emt 0:00:00]} 7. Nc3 {[%emt 0:00:04]} Bb7 {[%emt 0:00:05]} 8. O-O {[%emt 0:00:03]} cxd4 {[%emt 0:00:01]} 9. Nxd4 {[%emt 0:00:11]} Be7 {[%emt 0:00:05]} 10. Be2 {[%emt 0:00:01]} O-O {[%emt 0:00:04]} 11. Bf3 {[%emt 0:00:01]} d5 {[%emt 0:00:01]} 12. Bd2 {[%emt 0:00:52]} Nbd7 {[%emt 0:00:16]} 13. a3 {[%emt 0:00:06]} Qb6 {[%emt 0:00:06]} 14. Rb1 {[%emt 0:00:14]} Ne5 {[%emt 0:00:01]} 15. Be2 {[%emt 0:00:08]} Nc4 {[%emt 0:00:04]} 16. Na2 {[%emt 0:00:22]} Rfc8 {[%emt 0:00:06]} 17. Bb4 {[%emt 0:00:01]} Bd8 {[%emt 0:00:15]} 18. Nc3 {[%emt 0:00:14]} e5 {[%emt 0:00:05]} 19. Nb3 {[%emt 0:00:11]} h6 {[%emt 0:00:27]} 20. Bf3 {[%emt 0:00:09]} e4 {[%emt 0:00:17]} 21. Be2 {[%emt 0:00:03]} Ne5 {[%emt 0:00:01]} 22. Qd4 {[%emt 0:00:13]} Qc7 {[%emt 0:00:30]} 23. Rfc1 {[%emt 0:00:21]} Neg4 {[%emt 0:00:11]} 24. g3 {[%emt 0:00:09]} Qb8 {[%emt 0:00:13]} 25. Nb5 {[%emt 0:00:10]} Bc6 {[%emt 0:00:12]} 26. Nd6 {[%emt 0:00:37]} Bb6 {[%emt 0:00:36]} 27. Qc3 {[%emt 0:00:47]} Rc7 {[%emt 0:00:08]} 28. Nf5 {[%emt 0:01:18]} Bd7 {[%emt 0:00:25]} 29. Ne7+ {[%emt 0:00:08]} Kh7 {[%emt 0:00:07]} 30. Qd2 {[%emt 0:00:16]} Rxc1+ {[%emt 0:00:07]} 31. Rxc1 {[%emt 0:00:02]} Qe5 {[%emt 0:00:01]} 32. h3 {[%emt 0:00:51]} Bxe3 {[%emt 0:00:04]} 33. Qd1 {[%emt 0:00:43]} Qxg3+ {[%emt 0:00:05] Matschi2006 resigns} 0-1

[Event "OEISM 0818 BLMM"]
[Site "austriablmm"]
[Date "2020.12.12"]
[Round "6"]
[White "gadoru"]
[Black "Moritz_Pernerstorfer"]
[Result "1/2-1/2"]
[WhiteElo "1719"]
[BlackElo "1704"]
[Annotator "NA RC"]
[PlyCount "86"]
[EventDate "2020.12.12"]
[EventType "blitz"]

1. e4 {[%emt 0:00:01]} d6 {[%emt 0:00:05]} 2. d4 {[%emt 0:00:03]} g6 {[%emt 0:00:02]} 3. Nc3 {[%emt 0:00:05]} Bg7 {[%emt 0:00:05]} 4. Be3 {[%emt 0:00:14]} Nd7 {[%emt 0:00:05]} 5. g3 {[%emt 0:00:31]} e5 {[%emt 0:00:30]} 6. Nge2 {[%emt 0:00:25]} f5 {[%emt 0:00:10]} 7. Bg2 {[%emt 0:00:51]} Ngf6 {[%emt 0:00:09]} 8. h3 {[%emt 0:00:18]} O-O {[%emt 0:00:30]} 9. Qd2 {[%emt 0:00:08]} Nb6 {[%emt 0:01:05]} 10. b3 {[%emt 0:00:27]} Qe7 {[%emt 0:01:03]} 11. exf5 {[%emt 0:00:46]} gxf5 {[%emt 0:00:12]} 12. dxe5 {[%emt 0:00:44]} dxe5 {[%emt 0:00:05]} 13. O-O-O {[%emt 0:00:38]} e4 {[%emt 0:01:42]} 14. Bh6 {[%emt 0:00:45]} Be6 {[%emt 0:00:45]} 15. Bxg7 {[%emt 0:00:24]} Qxg7 {[%emt 0:00:00]} 16. Nf4 {[%emt 0:00:18]} Bf7 {[%emt 0:00:58]} 17. Kb1 {[%emt 0:00:04]} Nh5 {[%emt 0:01:27]} 18. Rhg1 {[%emt 0:01:51]} Kh8 {[%emt 0:01:07]} 19. Nce2 {[%emt 0:00:44]} Nxf4 {[%emt 0:00:25]} 20. Nxf4 {[%emt 0:00:07]} Qf6 {[%emt 0:00:10]} 21. Qd4 {[%emt 0:00:18]} Qxd4 {[%emt 0:00:04]} 22. Rxd4 {[%emt 0:00:00]} Rad8 {[%emt 0:00:02]} 23. Rgd1 {[%emt 0:00:02]} Rxd4 {[%emt 0:00:09]} 24. Rxd4 {[%emt 0:00:00]} Kg7 {[%emt 0:00:04]} 25. Bf1 {[%emt 0:00:27]} Kf6 {[%emt 0:00:07]} 26. Kc1 {[%emt 0:00:09]} Ke7 {[%emt 0:00:09]} 27. c3 {[%emt 0:00:16]} Rd8 {[%emt 0:00:02]} 28. Rxd8 {[%emt 0:00:02]} Kxd8 {[%emt 0:00:01]} 29. Kd2 {[%emt 0:00:02]} Ke7 {[%emt 0:00:01]} 30. Ke3 {[%emt 0:00:02]} Kd6 {[%emt 0:00:02]} 31. Be2 {[%emt 0:00:09]} Ke5 {[%emt 0:00:01]} 32. c4 {[%emt 0:00:13]} Nd7 {[%emt 0:00:04]} 33. f3 {[%emt 0:00:15]} Nf6 {[%emt 0:00:02]} 34. fxe4 {[%emt 0:00:14]} fxe4 {[%emt 0:00:03]} 35. g4 {[%emt 0:00:06]} c5 {[%emt 0:00:03]} 36. Bd1 {[%emt 0:00:03]} b6 {[%emt 0:00:02]} 37. Bc2 {[%emt 0:00:02]} h6 {[%emt 0:00:03]} 38. Ne2 {[%emt 0:00:02]} Bg8 {[%emt 0:00:03]} 39. Ng3 {[%emt 0:00:02]} Bh7 {[%emt 0:00:02]} 40. Bb1 {[%emt 0:00:03]} Bg6 {[%emt 0:00:04]} 41. Bc2 {[%emt 0:00:03]} Bh7 {[%emt 0:00:01]} 42. Bb1 {[%emt 0:00:06]} Bg6 {[%emt 0:00:01]} 43. Bc2 {[%emt 0:00:01]} Bh7 {[%emt 0:00:01] Threefold Rep Threefold Rep} 1/2-1/2

[Event "OEISM 0818 BLMM"]
[Site "austriablmm"]
[Date "2020.12.12"]
[Round "6"]
[White "OKli2120"]
[Black "Chessless13"]
[Result "1-0"]
[WhiteElo "1687"]
[BlackElo "1584"]
[Annotator "NA"]
[PlyCount "65"]
[EventDate "2020.12.12"]
[EventType "blitz"]

1. e4 {[%emt 0:00:02]} c5 {[%emt 0:00:02]} 2. Nf3 {[%emt 0:00:03]} Nc6 {[%emt 0:00:01]} 3. c3 {[%emt 0:00:08]} g6 {[%emt 0:00:12]} 4. d4 {[%emt 0:00:03]} cxd4 {[%emt 0:00:10]} 5. cxd4 {[%emt 0:00:00]} d5 {[%emt 0:00:03]} 6. exd5 {[%emt 0:00:20]} Qxd5 {[%emt 0:00:02]} 7. Nc3 {[%emt 0:00:02]} Qd8 {[%emt 0:00:11]} 8. d5 {[%emt 0:00:05]} Nb8 {[%emt 0:00:25]} 9. Bb5+ {[%emt 0:00:11]} Bd7 {[%emt 0:00:02]} 10. Bc4 {[%emt 0:00:16]} Bg7 {[%emt 0:00:04]} 11. O-O {[%emt 0:00:06]} Nf6 {[%emt 0:00:02]} 12. Bf4 {[%emt 0:00:39]} O-O {[%emt 0:00:12]} 13. Qb3 {[%emt 0:00:15]} Qb6 {[%emt 0:03:03]} 14. Qxb6 {[%emt 0:00:36]} axb6 {[%emt 0:00:00]} 15. Bc7 {[%emt 0:00:05]} Rc8 {[%emt 0:00:19]} 16. Bxb8 {[%emt 0:00:04]} Raxb8 {[%emt 0:00:03]} 17. Bb3 {[%emt 0:00:14]} Ne8 {[%emt 0:00:33]} 18. Rac1 {[%emt 0:00:36]} Rc7 {[%emt 0:00:36]} 19. Rfe1 {[%emt 0:00:24]} Bf5 {[%emt 0:00:25]} 20. Ne5 {[%emt 0:00:24]} Nd6 {[%emt 0:00:54]} 21. f4 {[%emt 0:00:44]} Rbc8 {[%emt 0:00:12]} 22. Rcd1 {[%emt 0:00:29]} Re8 {[%emt 0:01:24] OKli2120 reconnected.} 23. a4 {[%emt 0:00:29]} Bd7 {[%emt 0:00:32]} 24. Ne4 {[%emt 0:00:27]} Nxe4 {[%emt 0:00:48]} 25. Rxe4 {[%emt 0:00:03]} f6 {[%emt 0:00:10]} 26. d6+ {[%emt 0:00:08]} Be6 {[%emt 0:00:20]} 27. Bxe6+ {[%emt 0:00:09]} Kf8 {[%emt 0:00:15]} 28. dxc7 {[%emt 0:00:08]} fxe5 {[%emt 0:00:02]} 29. fxe5 {[%emt 0:00:04]} Bxe5 {[%emt 0:00:06]} 30. Rxe5 {[%emt 0:00:05]} Kg7 {[%emt 0:00:01]} 31. Rd8 {[%emt 0:00:03]} Rxd8 {[%emt 0:00:05]} 32. cxd8=Q {[%emt 0:00:00]} Kf6 {[%emt 0:00:00]} 33. Qh8# {[%emt 0:00:05] Mate Mate} 1-0

[Event "OEISM 0818 BLMM"]
[Site "austriablmm"]
[Date "2020.12.12"]
[Round "6"]
[White "Viktor09"]
[Black "Schragerlaufer"]
[Result "1-0"]
[WhiteElo "1670"]
[BlackElo "1456"]
[Annotator "NA"]
[PlyCount "81"]
[EventDate "2020.12.12"]
[EventType "blitz"]

1. e4 {[%emt 0:00:06]} e5 {[%emt 0:00:02]} 2. Nf3 {[%emt 0:00:01]} Nc6 {[%emt 0:00:07]} 3. Bc4 {[%emt 0:00:02]} Nf6 {[%emt 0:00:03]} 4. d3 {[%emt 0:00:08]} Be7 {[%emt 0:00:15]} 5. O-O {[%emt 0:00:06]} O-O {[%emt 0:00:04]} 6. Re1 {[%emt 0:00:05]} Re8 {[%emt 0:00:14]} 7. Nbd2 {[%emt 0:00:14]} d6 {[%emt 0:00:06]} 8. c3 {[%emt 0:00:06]} Bg4 {[%emt 0:00:12]} 9. h3 {[%emt 0:00:04]} Bh5 {[%emt 0:00:04]} 10. Nf1 {[%emt 0:00:01]} h6 {[%emt 0:00:43]} 11. Ng3 {[%emt 0:00:08]} Bg6 {[%emt 0:00:03]} 12. Nh4 {[%emt 0:00:08]} Bh7 {[%emt 0:00:09]} 13. Nhf5 {[%emt 0:00:03]} Qd7 {[%emt 0:00:43]} 14. d4 {[%emt 0:00:25]} exd4 {[%emt 0:00:24]} 15. cxd4 {[%emt 0:00:05]} Bf8 {[%emt 0:01:07]} 16. d5 {[%emt 0:00:19]} Ne5 {[%emt 0:01:14]} 17. Bf1 {[%emt 0:00:13]} Rad8 {[%emt 0:00:31]} 18. f3 {[%emt 0:00:08]} a6 {[%emt 0:00:31]} 19. Be3 {[%emt 0:00:13]} Be7 {[%emt 0:00:30]} 20. Rc1 {[%emt 0:00:20]} Rc8 {[%emt 0:00:11]} 21. Rc2 {[%emt 0:00:37]} Nd3 {[%emt 0:00:54]} 22. Bxd3 {[%emt 0:00:05]} c6 {[%emt 0:00:14]} 23. Nxe7+ {[%emt 0:00:04]} Qxe7 {[%emt 0:00:05]} 24. dxc6 {[%emt 0:00:02]} bxc6 {[%emt 0:00:01]} 25. Bxa6 {[%emt 0:00:06]} Ra8 {[%emt 0:00:03]} 26. Rxc6 {[%emt 0:00:07]} Red8 {[%emt 0:00:46]} 27. Nf5 {[%emt 0:00:19]} Bxf5 {[%emt 0:00:05]} 28. exf5 {[%emt 0:00:02]} Qd7 {[%emt 0:00:02]} 29. Rb6 {[%emt 0:00:08]} Qc7 {[%emt 0:00:16]} 30. Qc1 {[%emt 0:00:10]} Qxc1 {[%emt 0:00:25]} 31. Rxc1 {[%emt 0:00:00]} Nd5 {[%emt 0:00:08]} 32. Bb7 {[%emt 0:00:21]} Nxb6 {[%emt 0:00:07]} 33. Bxb6 {[%emt 0:00:02]} Rab8 {[%emt 0:00:17]} 34. Bxd8 {[%emt 0:00:03]} Rxd8 {[%emt 0:00:01]} 35. Rc8 {[%emt 0:00:01]} Rxc8 {[%emt 0:00:02]} 36. Bxc8 {[%emt 0:00:00]} Kf8 {[%emt 0:00:01]} 37. Kf2 {[%emt 0:00:07]} Ke7 {[%emt 0:00:01]} 38. Ke3 {[%emt 0:00:01]} Kf6 {[%emt 0:00:01]} 39. g4 {[%emt 0:00:01]} Ke5 {[%emt 0:00:02]} 40. Bb7 {[%emt 0:00:04]} f6 {[%emt 0:00:02]} 41. f4# {[%emt 0:00:01] Mate Mate} 1-0

[Event "OEISM 0818 BLMM"]
[Site "austriablmm"]
[Date "2020.12.12"]
[Round "6"]
[White "SaRaHo"]
[Black "Maryam2010"]
[Result "1-0"]
[WhiteElo "1652"]
[BlackElo "1597"]
[Annotator "NA"]
[PlyCount "117"]
[EventDate "2020.12.12"]
[EventType "blitz"]

1. e4 {[%emt 0:00:02]} c5 {[%emt 0:00:02]} 2. Nf3 {[%emt 0:00:02]} Nc6 {[%emt 0:00:01]} 3. d4 {[%emt 0:00:02]} cxd4 {[%emt 0:00:02]} 4. Nxd4 {[%emt 0:00:01]} g6 {[%emt 0:00:01]} 5. Nc3 {[%emt 0:00:05]} Bg7 {[%emt 0:00:03]} 6. Be3 {[%emt 0:00:03]} Nf6 {[%emt 0:00:03]} 7. Bc4 {[%emt 0:00:07]} Qa5 {[%emt 0:00:06]} 8. f3 {[%emt 0:00:14]} Qb4 {[%emt 0:00:44]} 9. Nxc6 {[%emt 0:01:46]} Qxc4 {[%emt 0:00:22]} 10. Nd4 {[%emt 0:00:19]} d5 {[%emt 0:01:13]} 11. Qd3 {[%emt 0:00:52]} Qxd3 {[%emt 0:00:09]} 12. cxd3 {[%emt 0:00:03]} dxe4 {[%emt 0:00:03]} 13. dxe4 {[%emt 0:00:04]} O-O {[%emt 0:00:14]} 14. O-O {[%emt 0:00:05]} Rd8 {[%emt 0:00:11]} 15. Rfd1 {[%emt 0:00:11]} b6 {[%emt 0:01:45]} 16. Nc6 {[%emt 0:00:11]} Rd6 {[%emt 0:00:24]} 17. Nxe7+ {[%emt 0:00:10]} Kf8 {[%emt 0:00:09]} 18. Rxd6 {[%emt 0:00:03]} Kxe7 {[%emt 0:00:02]} 19. Rad1 {[%emt 0:00:05]} Be6 {[%emt 0:00:04]} 20. Bg5 {[%emt 0:00:14]} h6 {[%emt 0:00:18]} 21. Bh4 {[%emt 0:00:09]} g5 {[%emt 0:00:32]} 22. Bg3 {[%emt 0:00:08]} Nh5 {[%emt 0:00:14]} 23. Bf2 {[%emt 0:00:02]} Bxc3 {[%emt 0:00:08]} 24. bxc3 {[%emt 0:00:06]} Nf4 {[%emt 0:00:11]} 25. a4 {[%emt 0:00:11]} Ne2+ {[%emt 0:00:05]} 26. Kf1 {[%emt 0:00:06]} Nxc3 {[%emt 0:00:02]} 27. R1d4 {[%emt 0:00:08]} Nd5 {[%emt 0:00:44]} 28. e5 {[%emt 0:00:03]} Rc8 {[%emt 0:00:13]} 29. g3 {[%emt 0:00:35]} f6 {[%emt 0:00:12]} 30. f4 {[%emt 0:00:05]} gxf4 {[%emt 0:00:11]} 31. gxf4 {[%emt 0:00:05]} fxe5 {[%emt 0:00:03]} 32. fxe5 {[%emt 0:00:02]} Rc1+ {[%emt 0:00:08]} 33. Kg2 {[%emt 0:00:02]} Rc2 {[%emt 0:00:07]} 34. Kf3 {[%emt 0:00:04]} Rc3+ {[%emt 0:00:05]} 35. Ke2 {[%emt 0:00:06]} Bg4+ {[%emt 0:00:09]} 36. Kd2 {[%emt 0:00:02]} Bf5 {[%emt 0:00:08]} 37. R4xd5 {[%emt 0:00:15]} Ra3 {[%emt 0:00:06]} 38. Bh4+ {[%emt 0:00:17]} Kf7 {[%emt 0:00:06]} 39. Rf6+ {[%emt 0:00:02]} Kg7 {[%emt 0:00:06]} 40. Rxf5 {[%emt 0:00:04]} Ra2+ {[%emt 0:00:03]} 41. Kc3 {[%emt 0:00:02]} Ra3+ {[%emt 0:00:01]} 42. Kb2 {[%emt 0:00:02]} Rxa4 {[%emt 0:00:04]} 43. Rd7+ {[%emt 0:00:09]} Kg6 {[%emt 0:00:05]} 44. Rd6+ {[%emt 0:00:02]} Kxf5 {[%emt 0:00:02]} 45. Bg3 {[%emt 0:00:07]} Ke4 {[%emt 0:00:08]} 46. e6 {[%emt 0:00:07]} Kf5 {[%emt 0:00:05]} 47. e7 {[%emt 0:00:06]} Re4 {[%emt 0:00:02]} 48. Bh4 {[%emt 0:00:04]} Kg4 {[%emt 0:00:04]} 49. Rd8 {[%emt 0:00:06]} Re2+ {[%emt 0:00:48]} 50. Kc3 {[%emt 0:00:06]} Re3+ {[%emt 0:00:05]} 51. Rd3 {[%emt 0:00:11]} Rxd3+ {[%emt 0:01:01]} 52. Kxd3 {[%emt 0:00:03]} Kxh4 {[%emt 0:00:01]} 53. e8=Q {[%emt 0:00:01]} Kh3 {[%emt 0:00:02]} 54. Qe2 {[%emt 0:00:07]} Kh4 {[%emt 0:00:02]} 55. Qg2 {[%emt 0:00:02]} a5 {[%emt 0:00:05]} 56. h3 {[%emt 0:00:01]} h5 {[%emt 0:00:28]} 57. Ke3 {[%emt 0:00:05]} a4 {[%emt 0:00:01]} 58. Kf3 {[%emt 0:00:01]} a3 {[%emt 0:00:04]} 59. Qg3# {[%emt 0:00:01] Mate Mate} 1-0

[Event "OEISM 0818 BLMM"]
[Site "austriablmm"]
[Date "2020.12.12"]
[Round "6"]
[White "Chessellis"]
[Black "xvv_valentina"]
[Result "1-0"]
[WhiteElo "1645"]
[BlackElo "1508"]
[Annotator "NA RC"]
[PlyCount "72"]
[EventDate "2020.12.12"]
[EventType "blitz"]

1. e4 {[%emt 0:00:02]} e5 {[%emt 0:00:02]} 2. Nf3 {[%emt 0:00:03]} Nc6 {[%emt 0:00:01]} 3. Nc3 {[%emt 0:00:01]} Nf6 {[%emt 0:00:01]} 4. d4 {[%emt 0:00:02]} exd4 {[%emt 0:00:05]} 5. Nxd4 {[%emt 0:00:00]} Nxd4 {[%emt 0:00:02]} 6. Qxd4 {[%emt 0:00:00]} d6 {[%emt 0:00:04]} 7. Bc4 {[%emt 0:00:07]} Qe7 {[%emt 0:00:06]} 8. O-O {[%emt 0:00:05]} Be6 {[%emt 0:00:06]} 9. Bg5 {[%emt 0:00:08]} h6 {[%emt 0:00:07]} 10. Bh4 {[%emt 0:00:13]} Bxc4 {[%emt 0:00:03]} 11. Qxc4 {[%emt 0:00:00]} O-O-O {[%emt 0:00:04]} 12. Rfe1 {[%emt 0:00:06]} g5 {[%emt 0:00:29]} 13. Bg3 {[%emt 0:00:05]} Bg7 {[%emt 0:00:03]} 14. e5 {[%emt 0:00:13]} dxe5 {[%emt 0:00:09]} 15. Bxe5 {[%emt 0:00:02]} Rhg8 {[%emt 0:00:22]} 16. h3 {[%emt 0:00:12]} Rde8 {[%emt 0:00:24]} 17. Nb5 {[%emt 0:00:22]} c6 {[%emt 0:00:15]} 18. Nd6+ {[%emt 0:00:14]} Kd8 {[%emt 0:00:10]} 19. Rad1 {[%emt 0:00:09]} Nd7 {[%emt 0:00:29]} 20. Bxg7 {[%emt 0:00:11]} Qxe1+ {[%emt 0:00:07]} 21. Rxe1 {[%emt 0:00:03]} Rxe1+ {[%emt 0:00:02]} 22. Kh2 {[%emt 0:00:03]} Rxg7 {[%emt 0:00:11]} 23. Nxb7+ {[%emt 0:00:05]} Kc7 {[%emt 0:00:09]} 24. Na5 {[%emt 0:00:11]} Re6 {[%emt 0:00:30]} 25. Qd4 {[%emt 0:00:15]} Rg8 {[%emt 0:00:15]} 26. Qxa7+ {[%emt 0:00:06]} Kd6 {[%emt 0:00:07]} 27. Nc4+ {[%emt 0:00:08]} Ke7 {[%emt 0:00:10]} 28. Nb6 {[%emt 0:00:10]} Rd6 {[%emt 0:00:12]} 29. a4 {[%emt 0:00:26]} Rd8 {[%emt 0:00:14]} 30. a5 {[%emt 0:00:11]} Rd2 {[%emt 0:00:05]} 31. a6 {[%emt 0:00:27]} Rxc2 {[%emt 0:00:03]} 32. Qc7 {[%emt 0:00:05]} Ke6 {[%emt 0:00:10]} 33. Qxd8 {[%emt 0:00:33]} Nxb6 {[%emt 0:00:11]} 34. Qxb6 {[%emt 0:00:03]} Ke5 {[%emt 0:00:04]} 35. a7 {[%emt 0:00:08]} Rxf2 {[%emt 0:00:02]} 36. Qxf2 {[%emt 0:00:12]} Ke4 {[%emt 0:00:03] xvv_valentina resigns} 1-0